| 000 | 00518nam a2200157 i 4500 | ||
|---|---|---|---|
| 001 | 44309 | ||
| 003 | ES-MaACL | ||
| 005 | 20250827063206.0 | ||
| 007 | t| | ||
| 008 | 030321s1920 sp ||||1| spa d | ||
| 100 | 1 |
_aCierva y Peñafiel, Juan de la, _d1864-1938 _938791 |
|
| 245 | 1 | 0 |
_aDiscurso pronunciado en el Congreso de los Diputados los días 7 y 8 de enero de 1920 / _cpor Juan de la Cierva y Peñafiel. |
| 260 |
_aMadrid : _b[s.n.], _c1920. |
||
| 852 |
_aES-MaACL _j1583-F-17 |
||
| 999 |
_c44309 _d44309 |
||